| 000 | 00555nam a22001817a 4500 | ||
|---|---|---|---|
| 005 | 20251108170510.0 | ||
| 008 | 250721s1996 xx 000 0 ara d | ||
| 082 | 1 | 4 | _a218.51/عكا |
| 100 | 1 | _aعكام، محمود | |
| 245 | 1 | 0 |
_aسبيل المعروف : _bبحث علمي و عملي يحتاجه كل مسلم / |
| 264 |
_bفصلت للدراسات، _c1996. |
||
| 300 | _a175ص | ||
| 650 | 1 | 7 | _aالوعظ و الإرشاد |
| 650 | 1 | 7 | _aالقرآن الكريم |
| 650 | 1 | 7 | _aالحديث الشريف |
| 942 |
_2ddc _cBK |
||
| 999 |
_c41982 _d41982 |
||